Diplomatic Missions of Monaco - Statistics

General Stats
  • This quiz has been taken 83 times
  • The average score is 23 of 25
Answer Stats
Missions Answer % Correct
Country France
98%
Country Italy
98%
Embassy Paris
98%
Permanent Delegation Paris
98%
Embassy Rome
98%
Embassy Rome
98%
Country Spain
98%
Country United Kingdom
98%
Country United States
98%
Country Vatican City
98%
Embassy Brussels
97%
Embassy London
97%
Embassy Madrid
97%
Embassy Washington D.C.
97%
Country Belgium
95%
Consulate-General New York City
93%
Permanent Mission New York City
93%
Country Switzerland
93%
Embassy Berlin
92%
Embassy Bern
90%
Country Germany
90%
Permanent Mission Geneva
88%
Country Portugal
85%
Embassy Lisbon
80%
Permanent Mission Vienna
62%
No matching quizzes found
Score Distribution
Percent of People with Each Score
Percentile by Number Answered
Your Score History
You have not taken this quiz